000
00321nam a2200157Ia 4500
100
_a
Khurmi/ Gupta
250
_a
4
942
_c
BK
654
_a
Machines
245
_a
Theory Of Machines
260
_b
Eurasia pub. house
_a
NONE
_c
1982
082
_a
621.81
_b
KUR
300
_a
756
546
_a
ENGLISH
999
_c
28438
_d
28438